| 000 | 00663nam a2200181Ia 4500 | ||
|---|---|---|---|
| 008 | 151018s9999 xx 000 0 und d | ||
| 082 |
_bRBASDV40820 _a340 |
||
| 100 | _aअभया शेलकर | ||
| 245 | _aअपराधशास्त्र व दंडशास्त्र | ||
| 250 | _b1 | ||
| 260 |
_bनाशिक लॉ हाऊस _c2003 |
||
| 300 | _a27 | ||
| 600 | _aअभया शेलकर | ||
| 630 | _aअपराधशास्त्र व दंडशास्त्र | ||
| 700 | _aअभया शेलकर | ||
| 730 | _aअपराधशास्त्र व दंडशास्त्र | ||
| 942 | _cBOOK | ||
| 999 |
_c1040094 _d1040091 |
||